000 00987nam a2200289 i 4500
003 EG-GICUC
005 20260406190914.0
008 260406s1963 fr |||fr|||| 00| 0 fre d
040 _aEG-GiCUC
_bfre
_cEG-GiCUC
_dEG-GiCUC
_eRda
082 0 4 _221
_a343.6044
_bPI . I
092 0 4 _221
099 _aLaw1 10 343.6044 PI . I 1963
100 1 _aPineau, Jean
_eAuteur
245 1 4 _aLes Infractions a La Circulation aérienne en Droit Français /
_cJean Pineau.
264 1 _aParis :
_bLibrairie Générale De Droit Et De Jurisprudence R. Pichon Et R. Durand-auzias,
_c1963.
300 _a294 page ;
_c 24 cm.
336 _2rda contenu
_a texte
337 _2rda medias
_aOrdinateur
338 _2 transporteur rda
_a Ressource en ligne
504 _aBibliography: pages 265-272
650 1 _aCriminologie
_2qrmak
650 1 _aDroit De Pénal
_2qrmak
651 1 _2qrmak
856 4 0 _uhttps://fll.law.cu.edu.eg/fulltext/bks/B10-08959.pdf
905 _a54
942 _2ddc
_cBK
_e21
_n0
999 _c69353
_d69353